La Bhagavad-Gita : telle qu’elle est / (Record no. 164274)

MARC details
000 -LEADER
fixed length control field 00728nam a22001937a 4500
005 - DATE AND TIME OF LATEST TRANSACTION
control field 20220920114004.0
008 - FIXED-LENGTH DATA ELEMENTS--GENERAL INFORMATION
fixed length control field 220920b fr ||||| |||| 00| 0 fre d
020 ## - INTERNATIONAL STANDARD BOOK NUMBER
International Standard Book Number 2903384002 v.1
020 ## - INTERNATIONAL STANDARD BOOK NUMBER
International Standard Book Number 07519354 (pour la collection)
050 04 - LIBRARY OF CONGRESS CALL NUMBER
Classification number BL1138.64
Item number B53 1985
245 03 - TITLE STATEMENT
Title La Bhagavad-Gita : telle qu’elle est /
Statement of responsibility, etc traduction litteraire et explications élaborées par A. C. Bhaktivedanta Swami Prabhupada
250 ## - EDITION STATEMENT
Edition statement 7a ed.
260 ## - PUBLICATION, DISTRIBUTION, ETC. (IMPRINT)
Place of publication, distribution, etc Paris :
Name of publisher, distributor, etc Bhaktivedanta,
Date of publication, distribution, etc 1985
300 ## - PHYSICAL DESCRIPTION
Extent v. :
Other physical details ils. ;
Dimensions 21 cm
490 #0 - SERIES STATEMENT
Series statement Les Grands Classiques de L´Inde
Volume number/sequential designation V.1
600 1# - SUBJECT ADDED ENTRY--PERSONAL NAME
Personal name Bhaktivedanta Swami Prabhupada,
Dates associated with a name 1896-1977
General subdivision Bhagavadgita
700 1# - ADDED ENTRY--PERSONAL NAME
Personal name Bhaktivedanta Swami Prabhupada,
Dates associated with a name 1896-1977
Relator term tr.
942 ## - ADDED ENTRY ELEMENTS (KOHA)
Source of classification or shelving scheme Biblioteca del Cogreso de los Estados Unidos
Koha item type Libro
Holdings
Estado de pérdida Fuente de clasificación Estado del daño No para préstamo Ubicación permanente Ubicación actual Apartado o colección Fecha de adquisición Fuente de adquisición Edición Dependencia de educación superior (DES) Área del conocimiento Total Checkouts Clasificación Código de Barras Date last seen Número de copia Costo por reposición Tipo de recurso
  Biblioteca del Cogreso de los Estados Unidos   Consulta Biblioteca de la Facultad de Filosofía Biblioteca de la Facultad de Filosofía Fondo "Luis Villoro" 20/09/2022 Donación 7a ed. Humanidades Educación y Humanidades   BL1138.64 B53 1985 BFF000038177 20/09/2022 V.1 C:1 1.00 Libro